=LDR 00000nam 2200000 4500 =001 INLIS000000000060644 =005 20220225033442 =035 ##$$a 0010-0222000198 =007 ta =008 220225###########################0#ind## =020 ##$$a tidak Teridentifikasi =082 ##$$a 342.050 26 =084 ##$$a 342.050 026 Ind h =245 ##$$a Himpunan ketetapan MPRS dan MPR RI Berdasarkan Ketetapan MPR RI No. 1 / MPR/ 2003 /$c Indonesia =300 ##$$a 131 halaman ; $c 21 cm =600 #4$$a MPR - Ketetapan - Undang2 dan Peraturan =264 ##$$a Jakarta :$b Sekretariat Jenderal MPR RI,$c 2005 =336 ##$$a teks$2 rdacontent =337 ##$$a lain-lain$2 rdamedia =338 ##$$a lain-lain$2 rdacarrier =990 ##$$a 07420742